[Event "DEM U10/U10w 2015"]
[Site "Willingen GER"]
[Date "2015.05.25"]
[Round "3"]
[White "Huo, Da"]
[Black "Mailitis, Ricardo"]
[Result "1/2-1/2"]
[Termination "normal"]
[Board "21"]
[WhiteElo "1179"]
[BlackElo "1370"]
[PlyCount "103"]
[WhiteFideId "16221206"]
[BlackFideId "12977535"]
[EventCountry "GER"]
[EventRounds "11"]
[EventType "swiss"]
[EventDate "2015.05.23"]

1. e4 e5 2. Nf3 Nc6 3. Bc4 Nf6 4. d3 Bc5 5. c3 O-O 6. b4 Bb6 7. O-O d6 8. Nbd2
Be6 9. Bb3 Qd7 10. Bc2 Rad8 11. a4 a6 12. Ba3 Bg4 13. Bb3 Nh5 14. Nc4 Ba7 15.
Ne3 Bxf3 16. Qxf3 Nf4 17. Nd5 Nxd5 18. Bxd5 Nb8 19. a5 c6 20. Bb3 Qe7 21. Rfe1
Nd7 22. Bc1 h6 23. Qg3 Qf6 24. Be3 Bxe3 25. Rxe3 Qe7 26. Bd1 Nf6 27. Bg4 Nxg4
28. Qxg4 Kh8 29. Rg3 Rg8 30. Re1 Qd7 31. Qf3 Qe6 32. Qd1 d5 33. Qb3 Rde8 34.
Rge3 d4 35. Qxe6 Rxe6 36. cxd4 exd4 37. R3e2 Re5 38. Rc2 Rd8 39. Rc5 f6 40. f4
Rxc5 41. bxc5 Kg8 42. Rb1 Rd7 43. h3 Kf7 44. Kf2 Ke6 45. g4 Rc7 46. Rb4 Rd7 47.
Kf3 g6 48. f5+ gxf5 49. gxf5+ Ke5 50. Rb1 Rg7 51. h4 h5 52. Rh1 1/2-1/2

[Event "DEM U10/U10w 2015"]
[Site "Willingen GER"]
[Date "2015.05.25"]
[Round "3"]
[White "Stillbauer, Jan"]
[Black "Hetzner, Hannes"]
[Result "0-1"]
[Termination "normal"]
[Board "22"]
[WhiteElo "1146"]
[BlackElo "1361"]
[PlyCount "74"]
[WhiteFideId "16239393"]
[BlackFideId "16211936"]
[EventCountry "GER"]
[EventRounds "11"]
[EventType "swiss"]
[EventDate "2015.05.23"]

1. e4 e6 2. d4 d5 3. Nc3 Bb4 4. e5 c5 5. a3 Bxc3+ 6. bxc3 Ne7 7. Bg5 Nbc6 8.
Nf3 Bd7 9. Be2 O-O 10. Qd2 c4 11. O-O Qa5 12. Bxe7 Nxe7 13. Qg5 Nc6 14. Qh5
Qxc3 15. Rfd1 Qxc2 16. Ng5 h6 17. Nh3 Qg6 18. Nf4 Qxh5 19. Nxh5 Rab8 20. Rdb1
Nxd4 21. Bd1 b5 22. f3 Nc6 23. f4 d4 24. Kf2 d3 25. Ke3 Rfd8 26. Ng3 a5 27. Ne4
Ne7 28. g4 b4 29. axb4 axb4 30. Ba4 b3 31. Bxd7 Rxd7 32. Ra4 Nd5+ 33. Kd2 Rc7
34. Ra3 c3+ 35. Nxc3 Rxc3 36. Rb2 Rc2+ 37. Rxc2 dxc2 0-1

[Event "DEM U10/U10w 2015"]
[Site "Willingen GER"]
[Date "2015.05.25"]
[Round "3"]
[White "Kruse, Kilian"]
[Black "Baltic, Sara"]
[Result "1/2-1/2"]
[Termination "normal"]
[Board "23"]
[WhiteElo "1346"]
[BlackElo "1129"]
[PlyCount "50"]
[WhiteFideId "16205413"]
[BlackFideId "16210409"]
[EventCountry "GER"]
[EventRounds "11"]
[EventType "swiss"]
[EventDate "2015.05.23"]

1. e4 e6 2. d4 d5 3. exd5 exd5 4. Nf3 Bd6 5. Bd3 Nc6 6. c3 Nge7 7. Be3 Be6 8.
Nbd2 Qd7 9. a4 a5 10. Nb3 Nf5 11. Qe2 Nce7 12. Ne5 Bxe5 13. dxe5 Ng6 14. Nc5
Qc8 15. Bd4 Nf4 16. Qf3 Nxd3+ 17. Qxd3 b6 18. Nxe6 Qxe6 19. O-O O-O 20. Rad1
Rad8 21. f4 h5 22. Qh3 c5 23. Be3 d4 24. cxd4 cxd4 25. Bc1 g6 1/2-1/2

[Event "DEM U10/U10w 2015"]
[Site "Willingen GER"]
[Date "2015.05.25"]
[Round "3"]
[White "Rashba, David"]
[Black "Schröder, Lennart"]
[Result "1-0"]
[Termination "normal"]
[Board "24"]
[WhiteElo "1130"]
[BlackElo "1339"]
[PlyCount "133"]
[WhiteFideId "16205499"]
[BlackFideId "16222490"]
[EventCountry "GER"]
[EventRounds "11"]
[EventType "swiss"]
[EventDate "2015.05.23"]

1. e4 e6 2. d4 d5 3. exd5 exd5 4. Nf3 Bd6 5. Be2 Nf6 6. Bg5 O-O 7. Nc3 c6 8.
O-O Bf5 9. Ne5 Nbd7 10. Nxd7 Bxd7 11. Re1 Qc7 12. g3 Ne4 13. Nxe4 dxe4 14. Bf1
h6 15. Bd2 Rfe8 16. Bg2 f5 17. Qh5 Rf8 18. a3 Rae8 19. Bb4 Be6 20. Bxd6 Qxd6
21. c3 Bc4 22. Qd1 Rf6 23. b3 Bf7 24. a4 g5 25. Qc2 h5 26. Qc1 Rg6 27. Qd1 h4
28. Kf1 hxg3 29. hxg3 e3 30. Rxe3 Rxe3 31. fxe3 Qxg3 32. Qf3 Qxf3+ 33. Bxf3
Bxb3 34. Rb1 Bc4+ 35. Kf2 Ba6 36. Re1 Kf7 37. Bh5 Kg7 38. Bxg6 Kxg6 39. Rh1 Kg7
40. Rb1 b6 41. Rd1 Bc4 42. Re1 Bd5 43. Rc1 b5 44. axb5 cxb5 45. Ra1 Kf6 46.
Rxa7 Ke6 47. Ra5 Bc4 48. Ra1 Bd5 49. Rg1 Kf6 50. Kg3 Ke6 51. Kf2 Kf6 52. Rb1
Bc4 53. Rb4 Ke6 54. Rb1 Kf6 55. Ra1 Ke6 56. Ra6+ Kd5 57. Rf6 Ke4 58. Rf8 Kd3
59. Rxf5 Kxc3 60. d5 Bxd5 61. Rxd5 b4 62. Rd8 b3 63. Rb8 b2 64. Kf3 Kc2 65. e4
b1=Q 66. Rxb1 Kxb1 67. e5 1-0

[Event "DEM U10/U10w 2015"]
[Site "Willingen GER"]
[Date "2015.05.25"]
[Round "3"]
[White "Laux, Dominik"]
[Black "Handschuh, Felix"]
[Result "1-0"]
[Termination "normal"]
[Board "25"]
[WhiteElo "1273"]
[BlackElo "1114"]
[PlyCount "80"]
[WhiteFideId "12994219"]
[BlackFideId "12997447"]
[EventCountry "GER"]
[EventRounds "11"]
[EventType "swiss"]
[EventDate "2015.05.23"]

1. d4 Nc6 2. Nf3 Nf6 3. Bf4 d6 4. h3 g6 5. e3 Bg7 6. Nbd2 O-O 7. c3 Bf5 8. Nh4
Bd7 9. Nhf3 h6 10. a3 Re8 11. Bh2 e5 12. Bc4 Bc8 13. Qc2 e4 14. Ng1 d5 15. Ba2
Be6 16. Ne2 a5 17. c4 Ne7 18. cxd5 Nexd5 19. Nxe4 Bf5 20. Nxf6+ Bxf6 21. Qd2 c6
22. O-O Qb6 23. Ng3 Kg7 24. Nxf5+ gxf5 25. Rab1 Be7 26. Qd3 Rg8 27. Qxf5 Nf6
28. Rfe1 Qd8 29. Be5 Kf8 30. e4 Qc8 31. Bxf6 Qxf5 32. Bxe7+ Kxe7 33. exf5+ Kf6
34. Re3 Rg5 35. g4 h5 36. f3 Rh8 37. Kg2 hxg4 38. fxg4 Rhg8 39. Rb3 b5 40. Rc3
Rxf5 1-0

[Event "DEM U10/U10w 2015"]
[Site "Willingen GER"]
[Date "2015.05.25"]
[Round "3"]
[White "Butenandt, Svenja"]
[Black "Pachmann, Johannes"]
[Result "1-0"]
[Termination "normal"]
[Board "26"]
[WhiteElo "1342"]
[BlackElo "1308"]
[PlyCount "103"]
[WhiteFideId "12993859"]
[BlackFideId "16250451"]
[EventCountry "GER"]
[EventRounds "11"]
[EventType "swiss"]
[EventDate "2015.05.23"]

1. e4 e6 2. Qe2 Be7 3. d4 d5 4. e5 c5 5. c3 Nc6 6. Nf3 Qb6 7. Qb5 Bd7 8. Qxb6
axb6 9. Be3 Nh6 10. Bd3 Ng4 11. Bf4 Rg8 12. Bxh7 Rh8 13. Bd3 Bh4 14. Nxh4 Rxh4
15. Bg3 Rh8 16. h3 cxd4 17. cxd4 Nxd4 18. O-O Nh6 19. f4 Nb3 20. Nc3 Nxa1 21.
Rxa1 Nf5 22. Bf2 b5 23. Nxb5 Bxb5 24. Bxb5+ Kf8 25. Rc1 g6 26. a3 Kg7 27. g4
Ne7 28. Rc7 Rhe8 29. Bxe8 Rxe8 30. Rxb7 Ng8 31. a4 Ra8 32. b3 Rc8 33. a5 Rc1+
34. Kg2 Ra1 35. b4 Nh6 36. Bb6 Kf8 37. b5 Ng8 38. a6 Ne7 39. Rb8+ Kg7 40. a7
Ra2+ 41. Kg3 Ra3+ 42. Kh4 g5+ 43. Kxg5 Rxh3 44. a8=Q Rh6 45. Bc5 Ng6 46. Bf8+
Nxf8 47. Rxf8 Rg6+ 48. Kh4 Rh6+ 49. Kg3 Rh7 50. Rg8+ Kh6 51. Qf8+ Rg7 52. Qxg7#
1-0

[Event "DEM U10/U10w 2015"]
[Site "Willingen GER"]
[Date "2015.05.25"]
[Round "3"]
[White "Rempe, Jonas"]
[Black "Joppich, Til"]
[Result "1-0"]
[Termination "normal"]
[Board "27"]
[WhiteElo "1292"]
[BlackElo "1108"]
[PlyCount "99"]
[WhiteFideId "16202406"]
[BlackFideId "16232917"]
[EventCountry "GER"]
[EventRounds "11"]
[EventType "swiss"]
[EventDate "2015.05.23"]

1. e4 e5 2. Nf3 Nc6 3. Bc4 Nf6 4. Ng5 d5 5. exd5 Nd4 6. d6 Qxd6 7. O-O Qc6 8.
Bxf7+ Ke7 9. c3 Ne6 10. Nf3 Kxf7 11. Nxe5+ Kg8 12. Nxc6 bxc6 13. Qb3 Nd5 14. c4
Ndf4 15. c5 Bxc5 16. Re1 Nd5 17. Nc3 Kf7 18. Nxd5 Re8 19. Nxc7 Bd7 20. Nxa8
Rxa8 21. Rxe6 Bb6 22. Rxc6+ Ke7 23. Rxb6 axb6 24. Qe3+ Kd8 25. Qxb6+ Ke8 26.
Qd4 Kd8 27. b4 Ra6 28. b5 Re6 29. Ba3 Kc7 30. Rc1+ Kd8 31. b6 Ke8 32. Qf4 Rf6
33. Qxf6 gxf6 34. b7 Kf7 35. Rc7 Ke6 36. Rxd7 Kxd7 37. b8=Q Ke6 38. Qe8+ Kf5
39. g4+ Kxg4 40. h3+ Kf5 41. Qh5+ Ke6 42. Bb2 f5 43. Qxh7 Kd5 44. Qxf5+ Kc6 45.
Qe6+ Kc5 46. d4+ Kb4 47. Qc6 Ka5 48. Qb7 Ka4 49. Bc3 Ka3 50. Qb3# 1-0

[Event "DEM U10/U10w 2015"]
[Site "Willingen GER"]
[Date "2015.05.25"]
[Round "3"]
[White "Sklarski, Lior"]
[Black "Farokhi, Keyvan"]
[Result "0-1"]
[Termination "normal"]
[Board "28"]
[WhiteElo "1087"]
[BlackElo "1262"]
[PlyCount "56"]
[WhiteFideId "12987077"]
[BlackFideId "12998630"]
[EventCountry "GER"]
[EventRounds "11"]
[EventType "swiss"]
[EventDate "2015.05.23"]

1. d4 d5 2. e3 Nf6 3. Bd3 c5 4. c3 Nc6 5. f4 Bg4 6. Nf3 e6 7. Nbd2 Bd6 8. O-O
O-O 9. Qe1 Bf5 10. Be2 Qc7 11. Ne5 cxd4 12. exd4 Nd7 13. Ndf3 f6 14. Nd3 e5 15.
fxe5 fxe5 16. dxe5 Ndxe5 17. Ndxe5 Nxe5 18. Nd4 Nd3 19. Qd2 Bf4 20. Ne6 Qb6+
21. Nd4 Bxd2 22. Bxd2 Rae8 23. Kh1 Be4 24. Bg4 Qg6 25. Rxf8+ Rxf8 26. Bh3 Nf2+
27. Kg1 Nxh3+ 28. Kh1 Bxg2# 0-1

[Event "DEM U10/U10w 2015"]
[Site "Willingen GER"]
[Date "2015.05.25"]
[Round "3"]
[White "Stahnecker, Hagen"]
[Black "Kieckbusch, Lotta"]
[Result "1-0"]
[Termination "normal"]
[Board "29"]
[WhiteElo "1257"]
[BlackElo "749"]
[PlyCount "57"]
[WhiteFideId "16225422"]
[BlackFideId "16214390"]
[EventCountry "GER"]
[EventRounds "11"]
[EventType "swiss"]
[EventDate "2015.05.23"]

1. e4 c6 2. d4 d5 3. Nc3 dxe4 4. Nxe4 Bf5 5. Ng3 Bg6 6. h4 Nf6 7. h5 Be4 8. Bg5
Bd5 9. c3 h6 10. Bf4 Nbd7 11. Nf3 e6 12. Qc2 Be7 13. O-O-O Be4 14. Nxe4 Nxe4
15. Qxe4 O-O 16. Bd3 Nf6 17. Qe2 Qa5 18. Kb1 Nxh5 19. Be5 Nf6 20. Bxf6 Bxf6 21.
Qe4 Qf5 22. Qe3 Qg4 23. Rh2 a5 24. Rh3 Qxg2 25. Rg3 Bg5 26. Qe2 Qxg3 27. fxg3
a4 28. Qe4 g6 29. Ne5 1-0

[Event "DEM U10/U10w 2015"]
[Site "Willingen GER"]
[Date "2015.05.25"]
[Round "3"]
[White "Youness, Sali"]
[Black "Dietz, Kristin"]
[Result "0-1"]
[Termination "normal"]
[Board "30"]
[WhiteElo "897"]
[BlackElo "1249"]
[PlyCount "78"]
[BlackFideId "12993743"]
[EventCountry "GER"]
[EventRounds "11"]
[EventType "swiss"]
[EventDate "2015.05.23"]

1. e4 c5 2. Nf3 d6 3. d4 cxd4 4. Nxd4 Nf6 5. Nc3 g6 6. Be3 Bg7 7. f3 Bd7 8. Qd2
Nc6 9. O-O-O O-O 10. h4 Qa5 11. Kb1 Rac8 12. h5 Nxh5 13. g4 Nf6 14. Qh2 h5 15.
gxh5 Qxh5 16. Qg2 Qa5 17. Bh6 a6 18. Bxg7 Kxg7 19. Qh2 Rh8 20. Qg2 Rxh1 21.
Qxh1 Rh8 22. Qg2 Qh5 23. Be2 Qh2 24. Nf5+ Bxf5 25. Qg5 Rh5 26. Qe3 Be6 27. a3
Qh3 28. Bf1 Qg3 29. Ne2 Qg5 30. f4 Qh6 31. Ng3 Rh2 32. Qf3 Bg4 33. Qd3 Bxd1 34.
f5 Qd2 35. Qb3 Bxc2+ 36. Ka2 Bxb3+ 37. Kxb3 Qxb2+ 38. Ka4 b5+ 39. Bxb5 Qxb5#
0-1

[Event "DEM U10/U10w 2015"]
[Site "Willingen GER"]
[Date "2015.05.25"]
[Round "3"]
[White "Zeuner, Ole"]
[Black "Straub, Benno"]
[Result "1-0"]
[Termination "normal"]
[Board "31"]
[WhiteElo "1484"]
[BlackElo "1022"]
[PlyCount "55"]
[WhiteFideId "12943576"]
[BlackFideId "16255488"]
[EventCountry "GER"]
[EventRounds "11"]
[EventType "swiss"]
[EventDate "2015.05.23"]

1. e4 e5 2. Nf3 Nc6 3. d4 exd4 4. Nxd4 Bc5 5. Nb3 Bb6 6. Nc3 Nf6 7. Bg5 h6 8.
Bh4 g5 9. Bg3 d6 10. Qd2 Bg4 11. f3 Bh5 12. O-O-O Qd7 13. Bc4 O-O-O 14. Rhe1
Rhe8 15. h4 g4 16. f4 Qe7 17. Kb1 Bg6 18. f5 Bh5 19. Qxh6 Ne5 20. Nd5 Qf8 21.
Qxf8 Rxf8 22. Nxf6 Nxc4 23. Nxh5 Ne3 24. Rd2 a5 25. Nd4 Nc4 26. Rdd1 c5 27. Nb5
Bc7 28. Nf6 1-0

[Event "DEM U10/U10w 2015"]
[Site "Willingen GER"]
[Date "2015.05.25"]
[Round "3"]
[White "Heutling, Elina"]
[Black "Schupfer, Michael"]
[Result "0-1"]
[Termination "normal"]
[Board "32"]
[WhiteElo "1140"]
[BlackElo "1173"]
[PlyCount "124"]
[WhiteFideId "16244729"]
[EventCountry "GER"]
[EventRounds "11"]
[EventType "swiss"]
[EventDate "2015.05.23"]

1. e4 c5 2. Nf3 Nc6 3. d4 cxd4 4. Nxd4 Nxd4 5. Qxd4 d6 6. Bc4 e5 7. Qd5 Be6 8.
Qb5+ Qd7 9. Qxd7+ Bxd7 10. Nc3 Rc8 11. Bd5 Rc7 12. O-O Nf6 13. f4 Nxd5 14. exd5
g6 15. Re1 Bg7 16. fxe5 dxe5 17. Bf4 f6 18. Re2 O-O 19. Bg3 Re8 20. Rae1 a6 21.
h3 Bb5 22. Re3 Bc4 23. b3 Bb5 24. a4 Bd7 25. R1e2 Bf5 26. Bh2 g5 27. g4 Bg6 28.
a5 Rec8 29. d6 Rd7 30. Rd2 Rc6 31. Ne4 Bxe4 32. Rxe4 Rcxd6 33. Rxd6 Rxd6 34.
Kf2 Rd2+ 35. Re2 Rxe2+ 36. Kxe2 Kf7 37. c4 Ke6 38. Ke3 Bf8 39. Ke4 Bb4 40. Bg1
Bxa5 41. Bc5 Bc7 42. Ba3 b6 43. c5 bxc5 44. Bxc5 Bd6 45. Bxd6 Kxd6 46. Kf5 Kd5
47. Kxf6 e4 48. Kxg5 e3 49. Kh6 e2 50. h4 e1=Q 51. Kh5 Qe5+ 52. g5 Qe8+ 53. Kg4
Ke5 54. h5 Qe7 55. h6 Qb4+ 56. Kh5 Qb6 57. Kg4 Qg6 58. Kh4 Kf5 59. Kh3 Qxg5 60.
Kh2 Kf4 61. Kh1 Kf3 62. b4 Qg2# 0-1

[Event "DEM U10/U10w 2015"]
[Site "Willingen GER"]
[Date "2015.05.25"]
[Round "3"]
[White "Liu, Sijia Anna"]
[Black "von Rosen, Jakob"]
[Result "0-1"]
[Termination "normal"]
[Board "33"]
[WhiteElo "1147"]
[BlackElo "1124"]
[PlyCount "120"]
[WhiteFideId "12989746"]
[BlackFideId "12982989"]
[EventCountry "GER"]
[EventRounds "11"]
[EventType "swiss"]
[EventDate "2015.05.23"]

1. e4 c5 2. Nf3 d6 3. d4 cxd4 4. Nxd4 Nf6 5. Nc3 g6 6. f4 Bg7 7. e5 dxe5 8.
fxe5 Ng4 9. Bb5+ Nc6 10. Nxc6 Qxd1+ 11. Nxd1 Bd7 12. Nd4 Bxb5 13. Nxb5 O-O 14.
Bf4 Nxe5 15. Bxe5 Bxe5 16. Rb1 Rac8 17. Nbc3 Rfd8 18. O-O Rd2 19. Rc1 Rc4 20.
Rf3 Rf4 21. Rxf4 Bxf4 22. Kf1 Rxg2 23. Kxg2 Bxc1 24. Kf3 f5 25. Nd5 Kf7 26.
N5e3 e5 27. h4 Bxe3 28. Nxe3 Ke6 29. c4 h6 30. b4 g5 31. hxg5 hxg5 32. c5 e4+
33. Kf2 f4 34. Ng2 Kf5 35. b5 Ke5 36. c6 bxc6 37. bxc6 Kd6 38. Ne1 Kxc6 39. Kg2
Kd5 40. Kh3 f3 41. Kg3 g4 42. Nc2 Kc4 43. Ne3+ Kd3 44. Nxg4 Ke2 45. Nf2 e3 46.
Ng4 f2 47. Nh2 f1=N+ 48. Nxf1 Kxf1 49. Kf3 e2 50. Kf4 e1=Q 51. Kf5 Qb4 52. Ke6
Qc5 53. Kf6 Qd5 54. Kg6 Qe5 55. Kh6 Qg3 56. Kh5 Kf2 57. Kh6 Kf3 58. Kh5 Kf4 59.
Kh6 Qg8 60. Kh5 Qg5# 0-1

[Event "DEM U10/U10w 2015"]
[Site "Willingen GER"]
[Date "2015.05.25"]
[Round "3"]
[White "Kriuckova, Sonia"]
[Black "Zwecker, Hagen"]
[Result "0-1"]
[Termination "normal"]
[Board "34"]
[WhiteElo "1297"]
[BlackElo "1145"]
[PlyCount "122"]
[WhiteFideId "16204310"]
[BlackFideId "12991007"]
[EventCountry "GER"]
[EventRounds "11"]
[EventType "swiss"]
[EventDate "2015.05.23"]

1. e4 e5 2. d4 exd4 3. c3 dxc3 4. Nxc3 Nc6 5. Bc4 Bb4 6. Nf3 d6 7. O-O Bg4 8.
Bxf7+ Kxf7 9. Ng5+ Qxg5 10. Bxg5 Bxd1 11. Raxd1 Bxc3 12. bxc3 Nge7 13. f3 Rhf8
14. Rf2 Kg8 15. Rdf1 h6 16. Be3 Rad8 17. f4 d5 18. e5 Rf7 19. Bc5 b6 20. Be3 d4
21. cxd4 Nxd4 22. Rd2 c5 23. Rfd1 Nef5 24. Bf2 Ne2+ 25. Kf1 Rxd2 26. Rxd2 Nxf4
27. Rd8+ Rf8 28. Rd7 a5 29. g3 Ng6 30. Rb7 Nxe5 31. Rxb6 Nxg3+ 32. Kg1 Ne2+ 33.
Kg2 Nd3 34. Bg3 Ndf4+ 35. Bxf4 Nxf4+ 36. Kg3 Ne2+ 37. Kg2 c4 38. Rc6 c3 39. a4
Kh7 40. h3 g5 41. Rc5 Nf4+ 42. Kg3 Kg6 43. Rc4 Kh5 44. Rc5 Nxh3 45. Kxh3 Rf4
46. Rxc3 Rxa4 47. Rc5 Ra3+ 48. Kg2 a4 49. Ra5 Ra2+ 50. Kh3 a3 51. Kg3 Ra1 52.
Kh3 a2 53. Kh2 Kh4 54. Kg2 g4 55. Ra4 h5 56. Kh2 Rf1 57. Kg2 a1=Q 58. Rxa1 Rxa1
59. Kh2 Ra2+ 60. Kh1 Kg3 61. Kg1 Ra1# 0-1

[Event "DEM U10/U10w 2015"]
[Site "Willingen GER"]
[Date "2015.05.25"]
[Round "3"]
[White "Adelhardt, Lisa"]
[Black "Kurzweil, Nalani"]
[Result "0-1"]
[Termination "normal"]
[Board "35"]
[WhiteElo "897"]
[BlackElo "1209"]
[PlyCount "136"]
[WhiteFideId "16235380"]
[BlackFideId "12985694"]
[EventCountry "GER"]
[EventRounds "11"]
[EventType "swiss"]
[EventDate "2015.05.23"]

1. e4 c5 2. Nf3 Nf6 3. Be2 d6 4. d4 cxd4 5. Nxd4 Nc6 6. h3 Nxe4 7. Be3 Nf6 8.
Nc3 g6 9. Nxc6 bxc6 10. Bf3 Bb7 11. Qd2 Qc7 12. Bh6 Bxh6 13. Qxh6 Rg8 14. Ne4
Qa5+ 15. c3 Qe5 16. Qe3 Nxe4 17. Bxe4 d5 18. Bf3 Qxe3+ 19. fxe3 e6 20. e4 Rb8
21. exd5 cxd5 22. O-O-O Ba6 23. Rhe1 Kf8 24. g4 Kg7 25. g5 Rb6 26. h4 Rgb8 27.
b3 Rc8 28. Kc2 Rb4 29. Kb2 Rxh4 30. a3 Rh3 31. Re3 Be2 32. Rxe2 Rxf3 33. Rc1
Rg3 34. Re5 Rg2+ 35. Kb1 Rg3 36. Kb2 Rb8 37. b4 Rg4 38. Kb3 Rc4 39. a4 Rbxb4+
40. cxb4 Rxc1 41. b5 d4 42. Re4 d3 43. Re3 Rc5 44. Rxd3 Rxg5 45. Kb4 Rg1 46. a5
Rb1+ 47. Kc5 h5 48. b6 axb6+ 49. axb6 Rxb6 50. Kxb6 f5 51. Kc5 h4 52. Kd4 g5
53. Rh3 Kf6 54. Ke3 e5 55. Rh2 Kg6 56. Kf2 Kh5 57. Kf3 g4+ 58. Kg2 f4 59. Kf1
g3 60. Rh1 Kg4 61. Kg2 f3+ 62. Kg1 g2 63. Rxh4+ Kxh4 64. Kh2 e4 65. Kg1 e3 66.
Kh2 e2 67. Kg1 e1=Q+ 68. Kh2 Qh1# 0-1

[Event "DEM U10/U10w 2015"]
[Site "Willingen GER"]
[Date "2015.05.25"]
[Round "3"]
[White "Pflugradt, Natalie"]
[Black "Röste, Hugo"]
[Result "0-1"]
[Termination "normal"]
[Board "36"]
[WhiteElo "1120"]
[BlackElo "1053"]
[PlyCount "112"]
[WhiteFideId "16212444"]
[BlackFideId "16247604"]
[EventCountry "GER"]
[EventRounds "11"]
[EventType "swiss"]
[EventDate "2015.05.23"]

1. e4 c5 2. Nc3 Nc6 3. f4 g6 4. Nf3 Bg7 5. g3 e6 6. Bg2 Nge7 7. O-O b6 8. d3
O-O 9. Be3 d5 10. Bd2 d4 11. Ne2 Bb7 12. g4 f5 13. gxf5 exf5 14. Ng5 Qd7 15.
Qe1 Rf6 16. e5 Rff8 17. Qg3 h6 18. Nf3 Nd5 19. Qxg6 Nce7 20. Qg3 Kh7 21. Nh4
Rg8 22. Qf2 Rab8 23. Ng3 a5 24. Ngxf5 Nxf5 25. Nxf5 Ne7 26. Nh4 Nf5 27. Nf3
Bxf3 28. Qxf3 Nh4 29. Qe4+ Kh8 30. Rf2 Rbe8 31. f5 Nxg2 32. Rxg2 Rxe5 33. Qh4
Kh7 34. Qh5 Qxf5 35. Qh4 Rd5 36. Rf1 Qe6 37. Kh1 Re5 38. Rfg1 Qe7 39. Qf4 Re6
40. Qg4 Rd6 41. Bxh6 Rxh6 42. Re2 Qc7 43. Rgg2 Qf7 44. Rd2 Qg6 45. Qe2 Qf7 46.
Qg4 Rg6 47. Qh5+ Bh6 48. Rde2 Qg7 49. Qf3 Rxg2 50. Rxg2 Qxg2+ 51. Qxg2 Rxg2 52.
Kxg2 Kg6 53. h3 b5 54. Kg3 Bg7 55. Kg4 Bf6 56. Kf4 Kf7 0-1

[Event "DEM U10/U10w 2015"]
[Site "Willingen GER"]
[Date "2015.05.25"]
[Round "3"]
[White "Orlova, Alicia"]
[Black "Kalina, Lena"]
[Result "1/2-1/2"]
[Termination "normal"]
[Board "37"]
[WhiteElo "1110"]
[BlackElo "993"]
[PlyCount "118"]
[WhiteFideId "34154563"]
[BlackFideId "12988014"]
[EventCountry "GER"]
[EventRounds "11"]
[EventType "swiss"]
[EventDate "2015.05.23"]

1. e4 e5 2. Nf3 Nc6 3. Bc4 Bc5 4. O-O Nf6 5. Nc3 O-O 6. d3 d6 7. h3 h6 8. Be3
Bb6 9. Nh2 Be6 10. Bb3 Qd7 11. Bxb6 axb6 12. f4 exf4 13. Rxf4 Bxb3 14. axb3
Rxa1 15. Qxa1 Nd4 16. Qd1 Ra8 17. Nf3 Ne6 18. Rf5 Nc5 19. Qe1 Re8 20. Qg3 Kh8
21. Nd5 Nxd5 22. Rxd5 g6 23. e5 Re6 24. exd6 cxd6 25. h4 h5 26. Ng5 Rf6 27.
Rxd6 Rxd6 28. Qxd6 Kg7 29. Qxb6 Ne6 30. Nxe6+ fxe6 31. Qb4 Kf6 32. Qf4+ Ke7 33.
Qh6 Kf6 34. Qg5+ Kg7 35. g4 Qd4+ 36. Kf1 hxg4 37. Qd2 Qf6+ 38. Qf2 Qxb2 39. Kg2
Kh6 40. Qc5 Qf6 41. Qe3+ Kh5 42. Qg3 e5 43. c4 Qc6+ 44. Kh2 Qf6 45. b4 Kh6 46.
Qe3+ Kh5 47. Qg3 Qe7 48. b5 Qe6 49. b6 Qe7 50. Kg2 Qe6 51. c5 Qa2+ 52. Qf2 Qd5+
53. Kh2 Qxd3 54. Qg2 Qd7 55. Qg3 Qd2+ 56. Qg2 Qf4+ 57. Qg3 Qd2+ 58. Qg2 Qf4+
59. Qg3 Qd2+ 1/2-1/2

[Event "DEM U10/U10w 2015"]
[Site "Willingen GER"]
[Date "2015.05.25"]
[Round "3"]
[White "Gehle, Joshua"]
[Black "Wehrle, Maximilian"]
[Result "0-1"]
[Termination "normal"]
[Board "38"]
[WhiteElo "948"]
[BlackElo "1108"]
[PlyCount "64"]
[WhiteFideId "16273753"]
[BlackFideId "65600347"]
[EventCountry "GER"]
[EventRounds "11"]
[EventType "swiss"]
[EventDate "2015.05.23"]

1. e4 e5 2. Nf3 Nc6 3. Bb5 a6 4. Ba4 d6 5. O-O Nf6 6. Re1 Be6 7. d3 h6 8. h3
Be7 9. c3 O-O 10. d4 Bd7 11. Bc2 Rb8 12. Nbd2 Qc8 13. Kh2 Ra8 14. Nf1 b5 15.
Ng3 Rd8 16. Nh4 Nh7 17. Nhf5 Bf8 18. Qf3 Be8 19. Qg4 g5 20. h4 f6 21. Bb3+ Kh8
22. hxg5 fxg5 23. Bd5 Rb8 24. b3 Ne7 25. Bb2 Nxd5 26. exd5 exd4 27. Nxd4 Qxg4
28. f3 Qc8 29. c4 bxc4 30. Ndf5+ Kg8 31. Bg7 Bg6 32. Nxh6+ Kxg7 0-1

[Event "DEM U10/U10w 2015"]
[Site "Willingen GER"]
[Date "2015.05.25"]
[Round "3"]
[White "Wallat, Alexandra"]
[Black "Bayer, Melissa"]
[Result "0-1"]
[Termination "normal"]
[Board "39"]
[WhiteElo "935"]
[BlackElo "1104"]
[PlyCount "48"]
[WhiteFideId "16211413"]
[BlackFideId "16206916"]
[EventCountry "GER"]
[EventRounds "11"]
[EventType "swiss"]
[EventDate "2015.05.23"]

1. e4 e5 2. Nf3 Nc6 3. Bc4 Bc5 4. c3 Nf6 5. d3 O-O 6. Bg5 h6 7. Bh4 d6 8. h3
Be6 9. Bxe6 fxe6 10. Nbd2 d5 11. exd5 exd5 12. b4 Bb6 13. a4 a5 14. b5 e4 15.
bxc6 exf3 16. Nxf3 Re8+ 17. Kf1 bxc6 18. Bxf6 Qxf6 19. Qd2 Re7 20. Kg1 Rae8 21.
Kh2 Re2 22. Qd1 Qd6+ 23. g3 Rxf2+ 24. Kg1 Qxg3# 0-1

[Event "DEM U10/U10w 2015"]
[Site "Willingen GER"]
[Date "2015.05.25"]
[Round "3"]
[White "Wiemann, Vanessa"]
[Black "Breß, Amy Charlize"]
[Result "0-1"]
[Termination "normal"]
[Board "40"]
[WhiteElo "1229"]
[BlackElo "941"]
[PlyCount "116"]
[WhiteFideId "12942987"]
[BlackFideId "16233786"]
[EventCountry "GER"]
[EventRounds "11"]
[EventType "swiss"]
[EventDate "2015.05.23"]

1. d4 d5 2. Bg5 Nf6 3. e3 e6 4. Nf3 c6 5. c3 c5 6. Nbd2 Qc7 7. Bxf6 gxf6 8.
Bb5+ Bd7 9. Bxd7+ Nxd7 10. Qc2 cxd4 11. exd4 Bg7 12. O-O-O O-O 13. g4 Qf4 14.
h3 Bh6 15. Kb1 Nb6 16. h4 Nc4 17. Nxc4 dxc4 18. Nh2 Rad8 19. Rdg1 Kh8 20. Qe2
e5 21. Qxc4 exd4 22. Rd1 Qxf2 23. Rxd4 Rxd4 24. Qxd4 Qxd4 25. cxd4 Rd8 26. Rd1
Be3 27. d5 Bf4 28. Nf3 Kg8 29. Kc2 Kf8 30. Kb3 Ke7 31. Kc4 a6 32. a4 Rc8+ 33.
Kb3 Rc5 34. Rd4 Be5 35. Rd3 Kd6 36. h5 Rxd5 37. Rxd5+ Kxd5 38. Nxe5 fxe5 39. g5
b5 40. g6 fxg6 41. hxg6 hxg6 42. axb5 axb5 43. Kc3 g5 44. Kd3 e4+ 45. Ke3 Ke5
46. Kf2 g4 47. Kf1 Kf4 48. b4 e3 49. Ke2 g3 50. Ke1 Kf3 51. Kf1 e2+ 52. Ke1 g2
53. Kd2 g1=Q 54. Kc3 Qe3+ 55. Kc2 e1=R 56. Kb2 Re2+ 57. Kb1 Qb3+ 58. Kc1 Qc2#
0-1

[Event "DEM U10/U10w 2015"]
[Site "Willingen GER"]
[Date "2015.05.25"]
[Round "3"]
[White "Volk, Oskar"]
[Black "Klühs, Isabel"]
[Result "1-0"]
[Termination "normal"]
[Board "41"]
[WhiteElo "1078"]
[BlackElo "901"]
[PlyCount "97"]
[WhiteFideId "16242645"]
[BlackFideId "16228944"]
[EventCountry "GER"]
[EventRounds "11"]
[EventType "swiss"]
[EventDate "2015.05.23"]

1. e4 c5 2. Nc3 Nc6 3. f4 g6 4. Nf3 Bg7 5. Bb5 Nf6 6. Bxc6 bxc6 7. O-O O-O 8.
d3 d6 9. Be3 Bd7 10. Qe1 Rb8 11. Rb1 Bg4 12. Qh4 Qd7 13. e5 Nd5 14. Nxd5 cxd5
15. d4 dxe5 16. Nxe5 Qe6 17. Qxg4 Qxg4 18. Nxg4 cxd4 19. Bf2 f5 20. Ne5 Rbd8
21. Bxd4 a5 22. c3 e6 23. Nc6 Ra8 24. Bxg7 Kxg7 25. a4 h6 26. Rbe1 Rfe8 27. Nd4
Ra6 28. Rf2 Kf6 29. h3 g5 30. g4 Rg8 31. Kh2 Kg6 32. Rxe6+ Rxe6 33. gxf5+ Kh7
34. fxe6 gxf4 35. Rxf4 Kg6 36. Rg4+ Kh7 37. Rxg8 Kxg8 38. e7 Kf7 39. Nc6 Ke8
40. Kg3 Kd7 41. Kf4 Ke8 42. h4 Kd7 43. Kf5 Ke8 44. Kf6 h5 45. Kg7 d4 46. cxd4
Kd7 47. Kf7 Kd6 48. e8=Q Kd5 49. Qe6# 1-0